IndyCar Series Champions - Statistics

General Stats
  • This quiz has been taken 234 times
    213 since last reset
  • The average score is 58 of 118
Answer Stats
Year Series Driver Nation % Correct
2021 INDY Álex Palou Spain
93%
2023 INDY Álex Palou Spain
93%
2024 INDY Álex Palou Spain
92%
2003 INDY Scott Dixon New Zealand
90%
2008 INDY Scott Dixon New Zealand
90%
2013 INDY Scott Dixon New Zealand
90%
2015 INDY Scott Dixon New Zealand
90%
2018 INDY Scott Dixon New Zealand
90%
2020 INDY Scott Dixon New Zealand
90%
2014 INDY Will Power Australia
90%
2022 INDY Will Power Australia
90%
2017 INDY Josef Newgarden United States
86%
2019 INDY Josef Newgarden United States
86%
1965 USAC Mario Andretti United States
84%
1966 USAC Mario Andretti United States
84%
1969 USAC Mario Andretti United States
84%
1984 CART Mario Andretti United States
84%
1991 CART Michael Andretti United States
84%
1999 CART Juan Pablo Montoya Colombia
78%
2016 INDY Simon Pagenaud France
78%
2007 INDY Dario Franchitti United Kingdom
75%
2009 INDY Dario Franchitti United Kingdom
75%
2010 INDY Dario Franchitti United Kingdom
75%
2011 INDY Dario Franchitti United Kingdom
75%
1960 USAC A.J. Foyt United States
73%
1961 USAC A.J. Foyt United States
73%
1963 USAC A.J. Foyt United States
73%
1964 USAC A.J. Foyt United States
73%
1967 USAC A.J. Foyt United States
73%
1975 USAC A.J. Foyt United States
73%
1979 USAC A.J. Foyt United States
73%
2005 INDY Dan Wheldon United Kingdom
71%
1995 CART Jacques Villeneuve Canada
71%
1970 USAC Al Unser United States
69%
1983 CART Al Unser United States
69%
1985 CART Al Unser United States
69%
1990 CART Al Unser Jr. United States
69%
1994 CART Al Unser Jr. United States
69%
1968 USAC Bobby Unser United States
69%
1974 USAC Bobby Unser United States
69%
1989 CART Emerson Fittipaldi Brazil
69%
2012 INDY Ryan Hunter-Reay United States
66%
2004 CCWS Sébastien Bourdais France
66%
2005 CCWS Sébastien Bourdais France
66%
2006 CCWS Sébastien Bourdais France
66%
2007 CCWS Sébastien Bourdais France
66%
1993 CART Nigel Mansell United Kingdom
64%
2004 INDY Tony Kanaan Brazil
64%
2001 IRL Sam Hornish Jr. United States
52%
2002 IRL Sam Hornish Jr. United States
52%
2006 INDY Sam Hornish Jr. United States
52%
1946 AAA Ted Horn United States
52%
1947 AAA Ted Horn United States
52%
1948 AAA Ted Horn United States
52%
1997 CART Alex Zanardi Italy
51%
1998 CART Alex Zanardi Italy
51%
1986 CART Bobby Rahal United States
50%
1987 CART Bobby Rahal United States
50%
1992 CART Bobby Rahal United States
50%
2000 CART Gil de Ferran Brazil
50%
2001 CART Gil de Ferran Brazil
50%
2003 CART Paul Tracy Canada
50%
1998 IRL Kenny Bräck Sweden
46%
1979 CART Rick Mears United States
45%
1981 CART Rick Mears United States
45%
1982 CART Rick Mears United States
45%
1996-97 IRL Tony Stewart United States
45%
2000 IRL Buddy Lazier United States
39%
2002 CART Cristiano da Matta Brazil
38%
1976 USAC Gordon Johncock United States
37%
1980 CART Johnny Rutherford United States
37%
1980 USAC Johnny Rutherford United States
37%
1996 IRL Scott Sharp United States
35%
1988 CART Danny Sullivan United States
34%
1959 USAC Rodger Ward United States
34%
1962 USAC Rodger Ward United States
34%
1996 CART Jimmy Vasser United States
33%
1949 AAA Johnnie Parsons United States
32%
1920 AAA Gaston Chevrolet United States
29%
1936 AAA Mauri Rose United States
29%
1977 USAC Tom Sneva United States
29%
1978 USAC Tom Sneva United States
29%
1954 AAA Jimmy Bryan United States
27%
1956 USAC Jimmy Bryan United States
27%
1957 USAC Jimmy Bryan United States
27%
1999 IRL Greg Ray United States
26%
1951 AAA Tony Bettenhausen United States
26%
1958 USAC Tony Bettenhausen United States
26%
1996 IRL Buzz Calkins United States
25%
1928 AAA Louis Meyer United States
25%
1929 AAA Louis Meyer United States
25%
1933 AAA Louis Meyer United States
25%
1953 AAA Sam Hanks United States
24%
1955 AAA Bob Sweikert United States
23%
1971 USAC Joe Leonard United States
20%
1972 USAC Joe Leonard United States
20%
1973 USAC Roger McCluskey United States
18%
1937 AAA Wilbur Shaw United States
18%
1939 AAA Wilbur Shaw United States
18%
1905 AAA Barney Oldfield United States
17%
1916 AAA Dario Resta United Kingdom
17%
1922 AAA Jimmy Murphy United States
17%
1924 AAA Jimmy Murphy United States
17%
1931 AAA Louis Schneider United States
17%
1925 AAA Pete DePaolo United States
17%
1927 AAA Pete DePaolo United States
17%
1935 AAA Kelly Petillo United States
15%
1921 AAA Tommy Milton United States
14%
1952 AAA Chuck Stevenson United States
13%
1926 AAA Harry Hartz United States
12%
1950 AAA Henry Banks United States
9%
1934 AAA Bill Cummings United States
8%
1930 AAA Billy Arnold United States
8%
1940 AAA Rex Mays United States
8%
1941 AAA Rex Mays United States
8%
1923 AAA Eddie Hearne United States
7%
1938 AAA Floyd Roberts United States
4%
1932 AAA Bob Carey United States
3%
No matching quizzes found
Score Distribution
Percent of People with Each Score
Percentile by Number Answered
Your Score History
You have not taken this quiz since the last reset